000 00601nam a2200241Ia 4500
003 OSt
005 20220924151006.0
006 a|||||r|||| 00| 0
007 ta
008 220923b |||||||| |||| 00| 0 tel d
020 _c12.00
024 _a335523
037 _cTextual
040 _aARTS
_cARTS
_btel
041 _2tel
_atel
082 _aO35,3NBH8,2, M2
100 _aBhaskar Mynampati
_9223371
245 0 _aValapu sankellu
260 _c1982
650 _aTELUGU FICTION
942 _hO35,3NBH8,2, M2
_cTEXL
_2CC
999 _c465217
_d465217